Архив братьев Тургеневых. Вып.7: [Дневники Н.И.Тургенева за 1824 г.] (Запись № 13328893)

Подробности
000 -МАРКЕР
контрольное поле 00813nam2a22002531 4500
001 - ИДЕНТИФИКАТОР ЗАПИСИ
контрольное поле RU\NLR\A1SV\143680
005 - ИДЕНТИФИКАТОР ВЕРСИИ
контрольное поле 20251214183443.0
035 ## - ДРУГИЕ СИСТЕМНЫЕ НОМЕРА
Идентификатор записи (NLR Aleph) 011012073
100 ## - ДАННЫЕ ОБЩЕЙ ОБРАБОТКИ
Данные общей обработки 20141124d1930 u y0rusy50 ca
101 0# - ЯЗЫК РЕСУРСА
Язык текста, звукозаписи и т.д. русский
200 1# - ЗАГЛАВИЕ И СВЕДЕНИЯ ОБ ОТВЕТСТВЕННОСТИ
Основное заглавие [Дневники Н.И.Тургенева за 1824 г.]
Обозначение и номер части Т.4, кн.14-15
210 ## - ПУБЛИКАЦИЯ, РАСПРОСТРАНЕНИЕ И ДР.
Дата издания, распространения и т.д. [1930]
215 ## - ФИЗИЧЕСКАЯ ХАРАКТЕРИСТИКА
Специфическое обозначение материала и объем 256 с.
300 ## - ОБЩИЕ ПРИМЕЧАНИЯ
Текст примечания Рукоп.
461 #1 - УРОВЕНЬ НАБОРА
Встроенное поле 001RU\NLR\A1SV\131594
-- 2000#$vВып.7
Системный номер (АБИС) связанной записи 10351017
Дата публикации 1911-1921
Физическая характеристика 256 с.
Заглавие Архив братьев Тургеневых
Номер тома Вып.7
702 #1 - ИМЯ ЛИЦА - ВТОРИЧНАЯ ОТВЕТСТВЕННОСТЬ
Начальный элемент ввода Тургенев
Часть имени, кроме начального элемента ввода А.И.
Даты 1784-1845
Расширение инициалов личного имени Александр Иванович
801 #0 - ИСТОЧНИК ЗАПИСИ
Страна Российская Федерация
Организация NLR
Дата составления 20141124
899 ## - ДАННЫЕ О МЕСТОНАХОЖДЕНИИ (устаревшее)
Местонахождение РНБ
Шифр хранения Desideratum
942 ## - ДОПОЛНИТЕЛЬНЫЕ ЭЛЕМЕНТЫ ЗАПИСИ (АБИС)
Тип экземпляра АБИС Книга
980 ## - КОЛЛЕКЦИЯ
Название коллекции Международный сводный каталог русской книги (1918-1926)
980 ## - КОЛЛЕКЦИЯ
Название коллекции Международный сводный каталог русской книги (1918-1926)
980 ## - КОЛЛЕКЦИЯ
Название коллекции Национальная библиография

Нет доступных экземпляров.